000 00369 a2200157 4500
001 74393
020 _a850805114-X
040 _cAnchieta - Colégio São Paulo
100 _aOlmo, Maria José Acedo Del
240 1 0 _aNo tempo do feudalismo
_lpor
245 1 0 _aNo tempo do feudalismo
300 _a44
362 0 _a1997
650 4 _aHistória do mundo
942 _cBK
999 _c74393
_d74393